Ч. 4: Термическое огнеструйное разрушение горных пород; Термомеханические методы разрушения горных пород

Bibliografiske detaljer
Parent link:Термомеханические методы разрушения горных пород: труды II Всесоюзной научно-технической конференции, Днепропетровск, 1972 г./ Академия наук Украинской ССР, Институт геотехнической механики (АН УССР ИГМ). Ч. 4: Термическое огнеструйное разрушение горных пород.— , 1972
Sprog:russisk
Udgivet: 1972
Fag:
Format: MixedMaterials Bog
KOHA link:https://koha.lib.tpu.ru/cgi-bin/koha/opac-detail.pl?biblionumber=163190

MARC

LEADER 00000nam2a2200000 4500
001 163190
005 20231031160714.0
035 |a (RuTPU)RU\TPU\book\177026 
035 |a RU\TPU\book\164287 
090 |a 163190 
100 |a 20090724d1972 k y0rusy50 ca 
101 0 |a rus 
102 |a UA 
105 |a a z 101zy 
200 0 |a Ч. 4: Термическое огнеструйное разрушение горных пород 
210 |d 1972 
215 |a 112 с.  |c ил. 
320 |a Библиография в конце статей 
461 1 |0 (RuTPU)RU\TPU\book\177024  |t Термомеханические методы разрушения горных пород  |o труды II Всесоюзной научно-технической конференции, Днепропетровск, 1972 г.  |f Академия наук Украинской ССР, Институт геотехнической механики (АН УССР ИГМ)  |v Ч. 4: Термическое огнеструйное разрушение горных пород  |d 1972 
610 1 |a сборники 
610 1 |a термомеханические свойства 
610 1 |a разрушение 
610 1 |a горные породы 
610 1 |a процессы 
610 1 |a технические средства 
675 |a 622.21(063)  |v 3 
801 1 |a RU  |b 63413507  |c 20090123  |g PSBO 
801 2 |a RU  |b 63413507  |c 20190617  |g PSBO 
942 |c BK